000 00600nam a22001577a 4500
003 NUST
082 _a670
100 _aRASHID, KHURRAM
_9121725
245 _aUSING ARTIFICIAL NEURAL NETWORK MODLING TO CAPTURE AND SIMULATE IN AN ALTERNATE ARRANGEMENT FOR AN AIRSHIP FLIGHT DYNAMICS /
_cKHURRAM RASHID
264 _aIslamabad:
_bSMME- NUST.
_c2019.
300 _a110p. ;
_bSoft Copy ,
_c30cm.
650 _aMS Design and Manufacturing Engineering
_9119567
700 _aSupervisor : Dr Riaz Ahmed
_9121726
856 _uhttp://10.250.8.41:8080/xmlui/handle/123456789/38852
942 _2ddc
_cTHE
999 _c608510
_d608510